000
00257nam a2200109 a 4500
005
20140513081050.0
008
020606s19uu xx 00 eng d
050
_a
P 411
_b
FAM 1989
245
_a
Famous African American.
650
_a
Posters
999
_c
116296
_d
116296